| 000 | 01204cam a2200349Ia 4500 | ||
|---|---|---|---|
| 001 | 31961987 | ||
| 003 | OCoLC | ||
| 005 | 20240403103016.0 | ||
| 008 | 950209s1957 nyua j 000 0 eng d | ||
| 010 | _a56005470 | ||
| 020 | _a039480001X | ||
| 020 | _a9780394800011 | ||
| 020 | _a9780394816265 | ||
| 020 | _a0394900014 | ||
| 040 |
_aCTM _cCTM _dTMI _dCMI _dOCLCQ _dBAKER _dSX@ |
||
| 049 | _aSX@A | ||
| 099 | _aSeuss, D. | ||
| 100 | 1 |
_aSeuss, _cDr. |
|
| 245 | 1 | 4 |
_aThe cat in the hat / _cby Dr. Seuss. |
| 250 | _aBook Club ed. | ||
| 260 |
_a[New York] : _bRandom House, _cc1957. |
||
| 300 |
_a61 pages : _bcolor illustrations ; _c23 cm. |
||
| 490 | 1 | _aBeginner books. I can read it all by myself. | |
| 520 | _aTwo children sitting at home on a rainy day are visited by the Cat in the Hat, who shows them some tricks and games. | ||
| 521 | 8 |
_a430L _bLexile. |
|
| 521 | 3 |
_aDecoding demand: 8 (very low) _aSemantic demand: 42 (medium) _aSyntactic demand: 44 (medium) _aStructure demand: 73 (high) _bLexile. |
|
| 526 | 0 |
_aAccelerated Reader AR _bLG _c2.1 _d0.5 _z6107. |
|
| 590 | _aaj11/14. | ||
| 650 | 0 | _aStories in rhyme. | |
| 830 | 0 |
_aBeginner books. _pI can read it all by myself. |
|
| 942 | _cBK | ||
| 999 |
_c29415 _d29413 |
||